Statistiques concernant Quiz sur la ville de Liège

Cliquez ici pour prendre le quiz!

Statistiques générales

  • Ce quiz a été pris 300 fois
  • Le résultat moyen est 11 sur 15

Statistiques - réponses

QuestionRéponse% Correct
Quel fleuve traverse la ville ?La Meuse
99%
Quelle spécialité se mange avec une "sauce lapin" ?Boulets
88%
Quel est le nom de l'équipe de football de première division ?Standard de Liège
86%
Quel célèbre quartier du centre ville abrite des dizaines de bars très populaires chez les étudiants ?Le Carré
85%
Quel est le nom de la gare principale de Liège ?Liège-Guillemins
85%
Comment s'appelle la bière blonde locale la plus populaire ?Jupiler
80%
Quel grand festival musical a lieu chaque année à Coronmeuse ?Les Ardentes
76%
Quel est le nom du grand marché dominical ?La Batte
72%
quel est le surnom de Liège ?La cité ardente
71%
Où a lieu la foire d'Octobre ?Boulevard d'Avroy
69%
Quel escalier de 374 marches traverse les Coteaux ?La montagne de Bueren
60%
Quel nom wallon est donné au genièvre (alcool de grain) ?Peket
56%
Quel personnage folklorique est représenté par une marionnette ?Tchantchès
53%
Quel monument orne la place du marché ?Le Perron
47%
Quel monument occupait l'actuelle place Saint Lambert ?La Cathédrale Notre-Dame-et-Saint-Lambert
40%

Distribution des résultats

Percentile par nombre de réponses

% des personnes avec chaque résultat

Votre développement - résultats

Vous n’avez pas pris ce quiz